[Event "Napoli Vomero Natale op 5th"]
[Site "Napoli"]
[Date "2009.11.19"]
[Round "3"]
[White "Morace, Vitaliano"]
[Black "Capaldo, Salvatore"]
[Result "1-0"]
[WhiteElo "1592"]
[BlackElo "1696"]
[PlyCount "77"]
[EventDate "2009.11.05"]
[EventType "swiss"]
[EventRounds "7"]
[EventCountry "ITA"]
[SourceTitle "EXT 2012"]
[Source "ChessBase"]
[SourceDate "2011.11.24"]
[SourceVersion "1"]
[SourceVersionDate "2011.11.24"]
[SourceQuality "1"]

1. e4 e5 2. Nf3 Nc6 3. Bb5 d6 4. 0-0 Nf6 5. Re1 Bg4 6. h3 Bh5 7. d3 Be7 8. Nbd2 0-0 9. Nf1 Nd4 10. c4 Nxf3+ 11. gxf3 c6 12. Ba4 Qd7 13. Kh2 h6 14. Ng3 Bg6 15. f4 b5 16. Bb3 Ne8 17. f5 Bh7 18. Rg1 Kh8 19. Nh5 Bf6 20. Qg4 Rg8 21. Be3 bxc4 22. Bxc4 d5 23. Bb3 d4 24. Bd2 a5 25. Ba4 g5 26. Rac1 Ra6 27. Rc5 Qd6 28. Rgc1 Bd8 29. Rxc6 Rxc6 30. Rxc6 Qf8 31. Ra6 f6 32. Bxe8 Qxe8 33. Bxa5 Bxa5 34. Rxa5 Qc6 35. Qd1 Rc8 36. Qb3 Bg8 37. Qa3 Qc2 38. Kg3 Qd2 39. Qe7 1-0

[Event "Napoli Vomero Primavera op 6th"]
[Site "Napoli"]
[Date "2009.03.12"]
[Round "1"]
[White "De Rosa, Francesco"]
[Black "Capaldo, Salvatore"]
[Result "1-0"]
[WhiteElo "1948"]
[BlackElo "1577"]
[PlyCount "102"]
[EventDate "2009.03.12"]
[EventType "swiss"]
[EventRounds "7"]
[EventCountry "ITA"]
[SourceTitle "EXT 2011"]
[Source "ChessBase"]
[SourceDate "2010.11.26"]
[SourceVersion "1"]
[SourceVersionDate "2010.11.26"]
[SourceQuality "1"]

1. e4 e5 2. Nf3 Nc6 3. Bc4 Bc5 4. c3 Nf6 5. d3 d6 6. h3 h6 7. Bb3 b5 8. 0-0 Bd7 9. d4 exd4 10. cxd4 Bb6 11. e5 Nh7 12. exd6 cxd6 13. Re1+ Ne7 14. Bf4 Bc6 15. d5 Bb7 16. Nd4 Bxd4 17. Qxd4 0-0 18. Nc3 a6 19. Ne4 Nf5 20. Qd3 Qd7 21. Bc2 g6 22. g4 Nh4 23. Bxh6 Rfe8 24. Qg3 Qd8 25. Qc3 Re5 26. f4 Rc8 27. Qg3 Rxc2 28. fxe5 Rg2+ 29. Qxg2 Nxg2 30. Kxg2 dxe5 31. Rad1 f5 32. gxf5 gxf5 33. Kh2 Kf7 34. Rg1 fxe4 35. Rg7+ Ke8 36. Rxh7 Qf6 37. Rd2 Bxd5 38. Be3 Qf3 39. Rh8+ Kf7 40. Rf2 Kg7 41. Rxf3 exf3 42. Rh5 Bxa2 43. Rxe5 Kf6 44. Bd4 Kg6 45. Re1 Bc4 46. Kg3 Be2 47. b4 Kf5 48. Kf2 Kg5 49. Rh1 Kh4 50. Bf6+ Kh5 51. Ra1 Kg6 1-0

[Event "Napoli Vomero Inverno op 4th"]
[Site "Napoli"]
[Date "2009.01.15"]
[Round "2"]
[White "Schiappoli, Dario"]
[Black "Capaldo, Salvatore"]
[Result "1-0"]
[WhiteElo "1966"]
[BlackElo "1577"]
[PlyCount "73"]
[EventDate "2009.01.08"]
[EventType "swiss"]
[EventRounds "7"]
[EventCountry "ITA"]
[SourceTitle "EXT 2011"]
[Source "ChessBase"]
[SourceDate "2010.11.26"]
[SourceVersion "1"]
[SourceVersionDate "2010.11.26"]
[SourceQuality "1"]

1. e4 e5 2. f4 exf4 3. Nf3 d6 4. d4 Nc6 5. Bxf4 Bg4 6. Bc4 f6 7. 0-0 Nge7 8. Nc3 a6 9. Qd2 Qd7 10. a4 0-0-0 11. b4 Bxf3 12. Rxf3 Nxb4 13. d5 Ng6 14. Ne2 a5 15. c3 Na6 16. Bxa6 bxa6 17. Qd3 c5 18. Rb1 Qa7 19. Qc4 Kd7 20. Nd4 Ne5 21. Bxe5 dxe5 22. Nc6 Qa8 23. Nxd8 Kxd8 24. Rb6 Kd7 25. Rf2 Bd6 26. Rxa6 Qb7 27. Qb5+ Qxb5 28. axb5 Rb8 29. c4 Bc7 30. g4 Bd8 31. g5 Ke8 32. gxf6 gxf6 33. Rg2 Kf8 34. Ra7 h6 35. Rg6 h5 36. Rh6 h4 37. Rh8# 1-0

[Event "Napoli Vomero Settembre op 5th"]
[Site "Napoli"]
[Date "2008.10.09"]
[Round "2"]
[White "Capaldo, Salvatore"]
[Black "Improta, Giovanni"]
[Result "1-0"]
[WhiteElo "1532"]
[BlackElo "1887"]
[PlyCount "101"]
[EventDate "2008.10.02"]
[EventType "swiss"]
[EventRounds "5"]
[EventCountry "ITA"]
[SourceTitle "EXT 2011"]
[Source "ChessBase"]
[SourceDate "2010.11.26"]
[SourceVersion "1"]
[SourceVersionDate "2010.11.26"]
[SourceQuality "1"]

1. e4 Nf6 2. Nc3 d6 3. h3 c6 4. d4 g6 5. Nf3 Bg7 6. Bc4 b5 7. Bd3 b4 8. Ne2 a5 9. c3 0-0 10. 0-0 Ba6 11. a3 Bxd3 12. Qxd3 b3 13. a4 Nbd7 14. Be3 Rb8 15. Ra3 Qc7 16. Ng3 c5 17. dxc5 dxc5 18. Qc4 Qb7 19. Bf4 e5 20. Nxe5 Nxe5 21. Bxe5 Rbc8 22. Rxb3 Qe7 23. f4 Qd7 24. Rb6 Ne8 25. Bxg7 Nxg7 26. e5 Qd2 27. Ne4 Qe3+ 28. Kh2 Nf5 29. Rf3 Qc1 30. Qf1 Qc2 31. Nd6 Nxd6 32. exd6 Qxa4 33. Re3 Qd7 34. Re7 Qf5 35. Qf3 Rcd8 36. Re5 Qf6 37. Rxc5 Rxd6 38. Rxd6 Qxd6 39. Rxa5 Qb6 40. b4 Kg7 41. Qg3 Re8 42. Re5 Rd8 43. f5 Rd1 44. Re3 Rd5 45. fxg6 hxg6 46. Re5 Rd1 47. Qe3 Qc7 48. Qg3 Qc4 49. Re1 Rd3 50. Qe5+ Kh7 51. Re4 1-0